LIBRARY & INFORMATION CENTRE, KCAET, TAVANUR

ONLINE PUBLIC ACCESS CATALOGUE (OPAC)

11th international Congress of Essential Oils,Fragrances and Flavours, 12 - 16 November, 1989 New Delhi, India. Abstracts- Proceedings vol-1 / (Record no. 10681)

MARC details
000 -LEADER
fixed length control field 00506cam a2200145ua 4500
020 ## - INTERNATIONAL STANDARD BOOK NUMBER
ISBN 81 204- 0456 4
082 ## - DEWEY DECIMAL CLASSIFICATION NUMBER
Classification number 661.806
Item number BHA/IN
100 ## - MAIN ENTRY--AUTHOR NAME
Personal name Bhattacharya, S C.
245 ## - TITLE STATEMENT
Title 11th international Congress of Essential Oils,Fragrances and Flavours, 12 - 16 November, 1989 New Delhi, India. Abstracts- Proceedings vol-1 /
260 ## - PUBLICATION, DISTRIBUTION, ETC. (IMPRINT)
Place of publication New Delhi :
Name of publisher Oxford & IBH Publishing company ,
Year of publication 1989.
300 ## - PHYSICAL DESCRIPTION
Number of Pages 156 ; .
700 1# - ADDED ENTRY--PERSONAL NAME
Personal name Sen, N .
700 1# - ADDED ENTRY--PERSONAL NAME
Personal name Sethi, K L .
942 ## - ADDED ENTRY ELEMENTS (KOHA)
Koha item type Books
Holdings
Withdrawn status Lost status Damaged status Collection code Home library Current library Shelving location Date acquired Full call number Accession Number Koha item type
      Reference KAUAET KAUAET Reference 07/04/2012 661.806.BHA/IN 20010 Reference
free website counter